000 00331nam a22001337a 4500
008 170620b xxu||||| |||| 00| 0 eng d
020 _a9780538213608
041 _aeng
080 _a338
100 _a20
101 _aSHP
245 _aCITIES CHNAGE AND CONFLICT A POLITICAL OF URBAN LIFE
_cKLENIEWSKY.N
942 _2udc
_cBK
999 _c18202
_d18202